Železobetónová montovaná nosná konštrukcia obchodného centra
Salvato in:
| Autore principale: | |
|---|---|
| Altri autori: | |
| Natura: | Manoscritto Libro |
| Lingua: | slovacco |
| Pubblicazione: |
2024
|
| Soggetti: | |
| Accesso online: | http://is.stuba.sk/zp/portal_zp.pl?podrobnosti=176010 https://opac.crzp.sk/?fn=detailBiblioForm&sid=AA0D9432EF6DE826C911174F11D3 |
| Tags: |
Nessun Tag, puoi essere il primo ad aggiungerne!!
|
MARC
| LEADER | 00000ntm a22000003a 4500 | ||
|---|---|---|---|
| 001 | stuzp99171 | ||
| 003 | SK-STU | ||
| 005 | 20240920105257.3 | ||
| 007 | ta | ||
| 008 | 150427s2015----xo-----f-mn---000-0-slo-d | ||
| 040 | |a STU |b slo | ||
| 041 | 0 | |a slo | |
| 100 | 1 | |a Horváth, Gergely |u 010110 |4 aut |U SvF Stavebná fakulta |T SvF Katedra betónových konštrukcií a mostov |X 98163 |U V110 |Y 11 |7 98163 | |
| 242 | 0 | 1 | |a Reinforced concrete precast load-bearing structure of a shopping center |y eng |
| 245 | 1 | 0 | |a Železobetónová montovaná nosná konštrukcia obchodného centra |
| 260 | |c 2024 | ||
| 650 | 4 | |a vopred predpätý nosník |2 slo | |
| 650 | 4 | |a prefabrikát |2 slo | |
| 650 | 4 | |a väzník |2 slo | |
| 650 | 4 | |a stĺp |2 slo | |
| 650 | 4 | |a prievlak |2 slo | |
| 650 | 4 | |a precast |2 eng | |
| 650 | 4 | |a pre-tensioned beam |2 eng | |
| 650 | 4 | |a truss |2 eng | |
| 650 | 4 | |a girder |2 eng | |
| 650 | 4 | |a column |2 eng | |
| 700 | 1 | |a Gajdošová, Katarína |u 010110 |k Z1 |4 ths |U SvF Stavebná fakulta |T SvF Katedra betónových konštrukcií a mostov |X 11276 |U V110 |Y 11 |7 A000011276 | |
| 856 | 4 | |u http://is.stuba.sk/zp/portal_zp.pl?podrobnosti=176010 | |
| 856 | 4 | |u https://opac.crzp.sk/?fn=detailBiblioForm&sid=AA0D9432EF6DE826C911174F11D3 | |